Dragon-Type Pokémon - Sudden Death - Statistics

General Stats
  • This quiz has been taken 205 times
  • The average score is 8 of 14
Answers on the Grid
Answers color-coded by a green-red scale on the quiz's grid according to % correct below.
Noivern
Applin
Kyurem
Altaria
Latias
Goodra
Kommo-o
Tyrunt
Hydreigon
Turtonator
Dialga
Duraludon
Charizard
Charmander
Solgaleo
Sceptile
Gyarados
Aerodactyl
Tyranitar
Blastoise
Sandaconda
Krookodile
Dondozo
Poliwrath
Salamence
Frigibax
Inteleon
Serperior
 
Answer Stats
Answer % Correct
Dialga
69%
Hydreigon
67%
Salamence
67%
Goodra
66%
Noivern
65%
Latias
64%
Kommo-o
62%
Kyurem
61%
Altaria
57%
Applin
52%
Duraludon
51%
Turtonator
50%
Frigibax
49%
Tyrunt
45%
No matching quizzes found
Score Distribution
Percent of People with Each Score
Percentile by Number Answered
Your Score History
You have not taken this quiz